| 000 | 00957nas a22002537a 4500 | ||
|---|---|---|---|
| 005 | 20170130143402.0 | ||
| 008 | 140314s2013 ck ad gr|||| 00| 0 spa d | ||
| 022 | _a22159800 | ||
| 040 |
_aCO-BoIAVH _cCO-BoIAVH |
||
| 041 | _aspa | ||
| 044 | _ack | ||
| 090 | _aSE | ||
| 110 | 1 |
_aAcademia Colombiana de Ciencias Veterinarias _921754 |
|
| 245 | 1 | 0 |
_aMedicina Veterinaria y Zootecnia _cÓrgano Informativo de la Academia Colombiana de Ciencias Veterinarias |
| 246 | 4 | _aAcademia colombiana de ciencias veterinarias | |
| 260 | 3 |
_aBogotá : _bAcademia Colombiana de Ciencias Veterinarias, _c2013. |
|
| 300 |
_bil., tablas, gráficas _c27.5 cm |
||
| 504 | _aIncluye bibliografía al final de cada tema | ||
| 650 | 4 |
_aVeterinaria _vEnsayo _xZootecnia _zColombia |
|
| 650 | 4 |
_aVeterinaria _vCrónicas _xZootecnia _zColombia |
|
| 650 | 4 |
_aAgronomía _zColombia |
|
| 650 | 4 |
_aEcología _xBiodiversidad _zColombia |
|
| 942 |
_2z _cREVISTA _s1 |
||
| 999 |
_c8294 _d8294 |
||